000 00503nam a2200181Ia 4500
005 20250508162558.0
008 008 250505s9999 xx 000 0 eng d
037 _aReference
040 _aFEDL
_beng
_cFEDL
041 _aeng
_2eng
084 _a371.303, ELL
_qFEDL
100 _aEllington Henry
_9508053
245 0 _aDictionary of instructional technology
260 _aLondon, UK
_bKogan Page
_c1986
300 _a189p.
942 _cREF
_h371.303, ELL
999 _c1377429
_d1377429